000 00695nam a2200253Ia 4500
003 OSt
005 20220918164858.0
006 a|||||r|||| 00| 0
007 ta
008 220917b |||||||| |||| 00| 0 eng d
020 _a0804736405
024 _a217,257
037 _cTextual
040 _aARTS
_cARTS
_beng
041 _2eng
_aeng
082 _aO111973:g(Y73), P2
100 _aBrennan Jonathan Ed.
_921450
245 0 _aMixed race literature
260 _aCalifornia
_bStanford Univ. press
_c2002
300 _axiii, 234 p
_ccm.
650 _aENGLISH LITERATURE
942 _hO111973:g(Y73), P2
_cTEXL
_2CC
999 _c127188
_d127188